[Event "Madrid ch - Previa B"]
[Site "Madrid ESP"]
[Date "2008.11.07"]
[Round "2.10"]
[White "Franco Rincon, David"]
[Black "Cabañas Bravo, Juan Andres"]
[Result "0-1"]
[WhiteElo "1752"]
[BlackElo "2036"]
[PlyCount "92"]
[EventDate "2008.11.06"]
[EventType "swiss"]
[EventRounds "9"]
[EventCountry "ESP"]
[Source "lmi"]
[SourceDate "2008.11.06"]

1. e4 e5 2. Nf3 Nc6 3. Bb5 Qf6 4. c3 Bc5 5. O-O Nge7 6. d3 h6 7. Nbd2 a6 8. Ba4
O-O 9. Bc2 Ng6 10. Nb3 Ba7 11. Be3 d6 12. h3 Nf4 13. Kh2 Ne7 14. Ng1 Neg6 15.
g3 Ne6 16. Qf3 Qxf3 17. Nxf3 Bxe3 18. fxe3 b6 19. Nbd2 a5 20. Bb3 Nc5 21. Bd5
Ra7 22. d4 Na4 23. Rab1 Ba6 24. Bc4 b5 25. Bd3 f6 26. Rfc1 c5 27. c4 b4 28. Bc2
Nb6 29. b3 Bb7 30. d5 Bc8 31. g4 Bd7 32. Kg3 Ne7 33. Nh4 g6 34. Rf1 a4 35. Ra1
Kg7 36. Ndf3 axb3 37. axb3 Rfa8 38. Rxa7 Rxa7 39. Rb1 Ra2 40. Bd1 Bc8 41. Ng2
f5 42. exf5 gxf5 43. Nge1 Ng6 44. Nd3 Kf6 45. Nc1 f4+ 46. exf4 exf4# 0-1

[Event "Madrid ch - Previa B"]
[Site "Madrid ESP"]
[Date "2008.11.07"]
[Round "2.11"]
[White "Vazquez Moreno, Luis"]
[Black "Prieto Garcia, David"]
[Result "0-1"]
[WhiteElo "1743"]
[BlackElo "1954"]
[PlyCount "64"]
[EventDate "2008.11.06"]
[EventType "swiss"]
[EventRounds "9"]
[EventCountry "ESP"]
[Source "lmi"]
[SourceDate "2008.11.06"]

1. e4 c5 2. Nf3 Nc6 3. d4 cxd4 4. Nxd4 Nf6 5. Nc3 e5 6. Ndb5 d6 7. Bg5 a6 8.
Na3 b5 9. Nd5 Be7 10. Bxf6 Bxf6 11. c3 O-O 12. Nc2 Bg5 13. Nce3 Ne7 14. a4 Bxe3
15. Nxe3 bxa4 16. Rxa4 Qb6 17. Nc4 Qc6 18. Na5 Qb6 19. b4 f5 20. Bc4+ Kh8 21.
Bd5 fxe4 22. O-O Nxd5 23. Qxd5 Bd7 24. Ra3 e3 25. Nc4 exf2+ 26. Kh1 Qb5 27. Ne3
Qxd5 28. Nxd5 Bb5 29. Raa1 Bxf1 30. Rxf1 e4 31. g3 Rae8 32. Kg2 e3 0-1

[Event "Madrid ch - Previa B"]
[Site "Madrid ESP"]
[Date "2008.11.07"]
[Round "2.12"]
[White "Ortiz Berruguete, Adrian"]
[Black "Garcia Garcia, Ruben Ii"]
[Result "0-1"]
[WhiteElo "1637"]
[BlackElo "1920"]
[PlyCount "68"]
[EventDate "2008.11.06"]
[EventType "swiss"]
[EventRounds "9"]
[EventCountry "ESP"]
[Source "lmi"]
[SourceDate "2008.11.06"]

1. e4 e5 2. Nf3 Nc6 3. Bb5 a6 4. Ba4 Nf6 5. Qe2 b5 6. Bb3 Be7 7. c3 d6 8. d3
O-O 9. Bg5 Na5 10. Bc2 c5 11. Nbd2 Qc7 12. O-O Bd7 13. Rfc1 Rac8 14. Bd1 Rfe8
15. Qf1 Bc6 16. Be2 Nb7 17. b3 Nd8 18. Qd1 Ne6 19. Be3 d5 20. Nf1 dxe4 21. dxe4
Bxe4 22. Ng3 Bg6 23. Nh4 Rcd8 24. Qf1 Nd5 25. Nxg6 hxg6 26. Bd2 Ndf4 27. Bxf4
Nxf4 28. Bf3 f5 29. Rd1 e4 30. Be2 Bf6 31. Rac1 Rxd1 32. Qxd1 Rd8 33. Qc2 Qd6
34. Rd1 Nxe2+ 0-1

[Event "Madrid ch - Previa B"]
[Site "Madrid ESP"]
[Date "2008.11.07"]
[Round "2.13"]
[White "Avendaño Mateos, Jose"]
[Black "Merino Araguas, Jose Javier"]
[Result "1-0"]
[WhiteElo "1894"]
[BlackElo "1879"]
[PlyCount "69"]
[EventDate "2008.11.06"]
[EventType "swiss"]
[EventRounds "9"]
[EventCountry "ESP"]
[Source "lmi"]
[SourceDate "2008.11.06"]

1. d4 Nf6 2. c4 g6 3. Nc3 Bg7 4. e4 d6 5. f3 O-O 6. Be3 e5 7. d5 c6 8. Bd3 cxd5
9. cxd5 a6 10. a4 Nbd7 11. b4 Ne8 12. Nge2 f5 13. O-O f4 14. Bf2 Ndf6 15. a5 g5
16. Na4 Nd7 17. b5 axb5 18. Nb6 Nxb6 19. Bxb6 Qe7 20. Nc3 h5 21. Nxb5 g4 22.
Rc1 gxf3 23. gxf3 Bh3 24. Rf2 Rf6 25. Kh1 Rg6 26. Bf1 Qh4 27. Bxh3 Qxh3 28. Qf1
Qxf1+ 29. Rfxf1 Kh7 30. Nc7 Rc8 31. Nxe8 Rxe8 32. Rc7 Rg8 33. Rxb7 Kh6 34. a6
Bf6 35. a7 1-0

[Event "Madrid ch - Previa B"]
[Site "Madrid ESP"]
[Date "2008.11.07"]
[Round "2.14"]
[White "Adan Bonilla, Carlos"]
[Black "Castejon Caballero, Andres"]
[Result "0-1"]
[WhiteElo "1813"]
[BlackElo "2003"]
[PlyCount "97"]
[EventDate "2008.11.06"]
[EventType "swiss"]
[EventRounds "9"]
[EventCountry "ESP"]
[Source "lmi"]
[SourceDate "2008.11.06"]

1. e4 c5 2. Nf3 Nc6 3. d4 cxd4 4. Nxd4 Nf6 5. Nc3 e5 6. Ndb5 d6 7. Nd5 Nxd5 8.
exd5 Nb8 9. c4 Be7 10. Bd3 O-O 11. O-O f5 12. Qh5 Bd7 13. a4 Be8 14. Qh3 Bg6
15. Bd2 a6 16. Nc3 Nd7 17. b4 a5 18. bxa5 Nc5 19. Bc2 Rxa5 20. Ne2 Ra8 21. Rfb1
Qd7 22. Ng3 e4 23. Bb4 Qc7 24. Ne2 Bf6 25. Bc3 Bxc3 26. Qxc3 f4 27. Nd4 Qe7 28.
Re1 Rae8 29. Ra3 Qg5 30. Qh3 Re5 31. g3 fxg3 32. Qxg3 Qe7 33. Qh3 Qf6 34. Rf1
Rg5+ 35. Rg3 Rxg3+ 36. Qxg3 Qxd4 37. Qxd6 e3 38. Bxg6 Qg4+ 39. Qg3 Qxg3+ 40.
hxg3 exf2+ 41. Rxf2 Rxf2 42. Bxh7+ Kxh7 43. Kxf2 Kg6 44. Ke3 Kf5 45. Kd4 Nxa4
46. c5 Kf6 47. Kc4 Ke5 48. d6 Ke6 49. Kb3 0-1

[Event "Madrid ch - Previa B"]
[Site "Madrid ESP"]
[Date "2008.11.07"]
[Round "2.15"]
[White "Sotnikov, Taras"]
[Black "Gonzalez Ayuso, Gonzalo"]
[Result "1-0"]
[WhiteElo "1920"]
[BlackElo "1804"]
[PlyCount "59"]
[EventDate "2008.11.06"]
[EventType "swiss"]
[EventRounds "9"]
[EventCountry "ESP"]
[Source "lmi"]
[SourceDate "2008.11.06"]

1. f4 Nf6 2. Nf3 e6 3. g3 d5 4. Bg2 c5 5. O-O Nc6 6. c3 Be7 7. d3 O-O 8. a4 Qb6
9. Kh1 Bd7 10. Qc2 Rac8 11. e4 d4 12. Nbd2 Na5 13. Ne5 Bd6 14. Nec4 Qc7 15.
Nxa5 Qxa5 16. Nc4 Qc7 17. Nxd6 Qxd6 18. e5 Qb6 19. exf6 gxf6 20. Qe2 f5 21. Qh5
Bc6 22. Qg5+ Kh8 23. Qf6+ Kg8 24. Rf2 Bxg2+ 25. Rxg2 Qc6 26. h3 Qf3 27. Kh2
Qxd3 28. g4 Rfd8 29. gxf5+ Kf8 30. fxe6 1-0

[Event "Madrid ch - Previa B"]
[Site "Madrid ESP"]
[Date "2008.11.07"]
[Round "2.16"]
[White "Escoredo Garcia, Jesus"]
[Black "Sanchez Rodajo, Pedro L"]
[Result "1-0"]
[WhiteElo "1906"]
[BlackElo "1750"]
[PlyCount "79"]
[EventDate "2008.11.06"]
[EventType "swiss"]
[EventRounds "9"]
[EventCountry "ESP"]
[Source "lmi"]
[SourceDate "2008.11.06"]

1. d4 e6 2. c4 g6 3. Nc3 Bg7 4. Nf3 d6 5. Bf4 Ne7 6. e3 b6 7. Be2 Bb7 8. h3 Nd7
9. O-O Nf6 10. Rc1 a6 11. Qb3 Rb8 12. Rfd1 O-O 13. Nd2 Nc6 14. a3 Qe7 15. Bf3
e5 16. dxe5 dxe5 17. Bg5 Na5 18. Qa4 Qd7 19. Qc2 Bxf3 20. Nxf3 Qe6 21. Nd5 Rbc8
22. b4 Nb7 23. Bh4 h6 24. Bg3 Nd7 25. Qa4 c6 26. Qxa6 Nd6 27. Nxb6 Nxb6 28. c5
Ra8 29. Qxb6 Nc4 30. Rxc4 Qxc4 31. Bxe5 f6 32. Bd6 Qc2 33. Rf1 Rfd8 34. Qxc6
Rxa3 35. Nd4 Qc4 36. b5 Raa8 37. b6 Rac8 38. Bc7 f5 39. Ne6 Qxf1+ 40. Kxf1 1-0

[Event "Madrid ch - Previa B"]
[Site "Madrid ESP"]
[Date "2008.11.07"]
[Round "2.18"]
[White "Montes Rubio, Miguel"]
[Black "De Armentia Roldan, Benigno"]
[Result "0-1"]
[WhiteElo "1698"]
[BlackElo "1870"]
[PlyCount "58"]
[EventDate "2008.11.06"]
[EventType "swiss"]
[EventRounds "9"]
[EventCountry "ESP"]
[Source "lmi"]
[SourceDate "2008.11.06"]

1. d4 Nf6 2. e3 g6 3. Bd3 Bg7 4. c4 d5 5. Nd2 O-O 6. b3 c5 7. dxc5 Qa5 8. Bb2
dxc4 9. Bxc4 Rd8 10. f3 Ne4 11. Bd4 Nxd2 12. Qxd2 Qxd2+ 13. Kxd2 e5 14. Ke1
exd4 15. Rd1 Nc6 16. Ne2 Be6 17. Bxe6 fxe6 18. exd4 Nxd4 19. Nxd4 Rxd4 20. Kf2
Rad8 21. Ke2 Rxd1 22. Rxd1 Rxd1 23. Kxd1 Kf7 24. Kd2 Ke7 25. Kd3 Kd7 26. Kc4
Kc6 27. a4 a5 28. b4 axb4 29. Kxb4 Bf8 0-1

[Event "Madrid ch - Previa B"]
[Site "Madrid ESP"]
[Date "2008.11.07"]
[Round "2.20"]
[White "Castro Uceda, Jose Antonio"]
[Black "Mosteiro Montoro, Alvaro"]
[Result "0-1"]
[WhiteElo "1717"]
[BlackElo "1832"]
[PlyCount "116"]
[EventDate "2008.11.06"]
[EventType "swiss"]
[EventRounds "9"]
[EventCountry "ESP"]
[Source "lmi"]
[SourceDate "2008.11.06"]

1. d4 d5 2. c4 c6 3. e3 Nf6 4. Nc3 g6 5. Nf3 Bg4 6. Bd3 Bg7 7. O-O O-O 8. Re1
Nbd7 9. e4 dxe4 10. Nxe4 e6 11. Bg5 Qc7 12. h3 Bf5 13. Qd2 Nxe4 14. Bxe4 Bxe4
15. Rxe4 Nf6 16. Bxf6 Bxf6 17. Qh6 Bg7 18. Qe3 Qe7 19. d5 cxd5 20. cxd5 Rfd8
21. dxe6 f5 22. Rc4 b5 23. Rc2 Rd6 24. Re1 Re8 25. Rce2 h6 26. Ne5 Kh7 27. Nd7
Bd4 28. Qb3 a6 29. a3 Ba7 30. Qa2 Rd3 31. Ne5 Rg3 32. Nc6 Qg5 33. Nxa7 Rxg2+
34. Kh1 f4 35. Re5 Rg1+ 36. Rxg1 Qxe5 37. Qb1 Rxe6 38. Qd3 Qc7 39. Nxb5 Qc6+
40. Kh2 axb5 41. Qd4 Qd6 42. Qxd6 Rxd6 43. Kg2 Rd2 44. Rb1 g5 45. Kf3 Kg6 46.
Kg2 Kh5 47. b3 Kh4 48. a4 h5 49. a5 Ra2 50. b4 g4 51. hxg4 hxg4 52. Rh1+ Kg5
53. Re1 Kf5 54. Re8 g3 55. Ra8 Rxf2+ 56. Kg1 Rb2 57. a6 Kg4 58. a7 Kf3 0-1

[Event "Madrid ch - Previa B"]
[Site "Madrid ESP"]
[Date "2008.11.08"]
[Round "3.1"]
[White "Roman Bada, Javier"]
[Black "Garcia Salamero, Gabriel"]
[Result "1/2-1/2"]
[WhiteElo "2031"]
[BlackElo "2005"]
[PlyCount "38"]
[EventDate "2008.11.06"]
[EventType "swiss"]
[EventRounds "9"]
[EventCountry "ESP"]
[Source "lmi"]
[SourceDate "2008.11.06"]

1. e4 e5 2. Nf3 Nf6 3. Nxe5 d6 4. Nf3 Nxe4 5. Nc3 Nxc3 6. dxc3 Be7 7. Bd3 Nd7
8. Be3 Nc5 9. Qe2 Nxd3+ 10. Qxd3 Be6 11. Nd4 O-O 12. O-O Bf6 13. Rfe1 Qd7 14.
Nxe6 fxe6 15. Bd4 Bxd4 16. cxd4 Rf6 17. Re2 Raf8 18. Rae1 Qc6 19. f3 Rg6
1/2-1/2

[Event "Madrid ch - Previa B"]
[Site "Madrid ESP"]
[Date "2008.11.08"]
[Round "3.2"]
[White "Montañes Arribas, Adrian"]
[Black "Peñaranda Grilo, Juan Carlos"]
[Result "1-0"]
[WhiteElo "2030"]
[BlackElo "1930"]
[PlyCount "85"]
[EventDate "2008.11.06"]
[EventType "swiss"]
[EventRounds "9"]
[EventCountry "ESP"]
[Source "lmi"]
[SourceDate "2008.11.06"]

1. e4 c6 2. d4 d5 3. exd5 cxd5 4. c4 Nf6 5. Nc3 e6 6. Nf3 Be7 7. cxd5 Nxd5 8.
Bd3 O-O 9. O-O Nc6 10. a3 Bf6 11. Bc2 Nxc3 12. bxc3 b6 13. Qd3 g6 14. Bh6 Re8
15. Nd2 Bg5 16. Bxg5 Qxg5 17. Ne4 Qd8 18. Rad1 Bb7 19. Qg3 Na5 20. h4 Bxe4 21.
Bxe4 Rc8 22. Rd3 Nc4 23. h5 g5 24. d5 f5 25. dxe6 Qf6 26. Bd5 f4 27. Qh3 Ne5
28. Rd4 g4 29. Qh2 f3 30. Re1 Nc6 31. Rxg4+ Kh8 32. c4 fxg2 33. Qf4 Qc3 34. Re3
Qa1+ 35. Kxg2 Rf8 36. Qe4 Ne7 37. Qe5+ Qxe5 38. Rxe5 Rg8 39. Kg3 Rxg4+ 40. Kxg4
Rg8+ 41. Rg5 Rxg5+ 42. Kxg5 Kg7 43. h6+ 1-0

[Event "Madrid ch - Previa B"]
[Site "Madrid ESP"]
[Date "2008.11.08"]
[Round "3.3"]
[White "Lozano Sanchez, Jose Antonio"]
[Black "Vazquez Torres, Adrian"]
[Result "0-1"]
[WhiteElo "1920"]
[BlackElo "2023"]
[PlyCount "40"]
[EventDate "2008.11.06"]
[EventType "swiss"]
[EventRounds "9"]
[EventCountry "ESP"]
[Source "lmi"]
[SourceDate "2008.11.06"]

1. e4 c5 2. Nf3 d6 3. Bc4 Nf6 4. Nc3 e6 5. d3 Be7 6. O-O O-O 7. h3 a6 8. a4 Nc6
9. Bf4 Qc7 10. Re1 b6 11. Qd2 Bb7 12. e5 dxe5 13. Bxe5 Nxe5 14. Nxe5 Nd5 15.
Ng4 Nf4 16. Ne3 Rad8 17. Ne2 Ng6 18. Nf1 Nh4 19. Ne3 Bxg2 20. Qc3 Bxh3 0-1

[Event "Madrid ch - Previa B"]
[Site "Madrid ESP"]
[Date "2008.11.08"]
[Round "3.4"]
[White "Dominguez Carmona, Miguel"]
[Black "Valderrama Arroyo, Victor"]
[Result "1-0"]
[WhiteElo "2051"]
[BlackElo "1914"]
[PlyCount "111"]
[EventDate "2008.11.06"]
[EventType "swiss"]
[EventRounds "9"]
[EventCountry "ESP"]
[Source "lmi"]
[SourceDate "2008.11.06"]

1. d4 Nf6 2. c4 e6 3. Nf3 b6 4. Bf4 Bb7 5. e3 Bb4+ 6. Nfd2 O-O 7. a3 Be7 8. Nc3
d6 9. e4 c5 10. d5 Ne8 11. Bd3 Nc7 12. O-O Bf6 13. Qg4 Bc8 14. e5 exd5 15.
Bxh7+ Kxh7 16. Qh5+ Kg8 17. exf6 Qxf6 18. Nxd5 Nxd5 19. Qxd5 Bd7 20. Bxd6 Bc6
21. Qe5 Qxe5 22. Bxe5 Re8 23. Rfe1 Nd7 24. Bc3 Nf8 25. f3 Ng6 26. g3 Rad8 27.
Rxe8+ Rxe8 28. Kf2 Ne5 29. Bxe5 Rxe5 30. Re1 Rxe1 31. Kxe1 f5 32. Ke2 Kf7 33.
Ke3 Kf6 34. h4 Ke5 35. Nb1 Ba4 36. Nc3 Bb3 37. Kd3 f4 38. g4 g6 39. Ne4 Bd1 40.
Nd2 a6 41. b3 b5 42. h5 gxh5 43. gxh5 Kf5 44. h6 Kg6 45. Ke4 bxc4 46. bxc4 Kxh6
47. Kxf4 Ba4 48. Ke5 Kg6 49. Kd6 Kf5 50. Kxc5 Kf4 51. Kd6 Ke3 52. c5 Kxd2 53.
f4 Bc2 54. c6 Bf5 55. Ke5 Bc8 56. f5 1-0

[Event "Madrid ch - Previa B"]
[Site "Madrid ESP"]
[Date "2008.11.08"]
[Round "3.5"]
[White "Cabañas Bravo, Juan Andres"]
[Black "Avendaño Mateos, Jose"]
[Result "1-0"]
[WhiteElo "2036"]
[BlackElo "1894"]
[PlyCount "97"]
[EventDate "2008.11.06"]
[EventType "swiss"]
[EventRounds "9"]
[EventCountry "ESP"]
[Source "lmi"]
[SourceDate "2008.11.06"]

1. e4 c6 2. Nc3 d5 3. Qf3 e6 4. Qg3 d4 5. Nd1 c5 6. Bc4 Nc6 7. a3 Qd6 8. f4 g6
9. Nf3 a6 10. Nf2 Bd7 11. Ng5 Nh6 12. e5 Qc7 13. Ng4 O-O-O 14. Nf6 Nf5 15. Qf3
Nxe5 16. fxe5 Qxe5+ 17. Nfe4 Nd6 18. d3 f5 19. Bf4 fxe4 20. Bxe5 exf3 21. Bxh8
fxg2 22. Rg1 Be7 23. Rxg2 Nxc4 24. Bxd4 Nxa3 25. Be3 Nb5 26. Nxh7 e5 27. Rxg6
Bh4+ 28. Kd2 Rh8 29. Rh6 Be7 30. Rf1 Nd4 31. Nf8 Rxf8 32. Rxf8+ Bxf8 33. Rh8
Nf3+ 34. Kc3 Nxh2 35. Bxc5 Kc7 36. Bxf8 Nf3 37. Rh6 Bc6 38. Bc5 Kd7 39. Rd6+
Kc7 40. Rf6 Kd7 41. Be3 Ne1 42. Kd2 Ng2 43. Bg5 a5 44. Ke2 Nf4+ 45. Bxf4 exf4
46. Rxf4 Kd6 47. Rg4 b5 48. Ke3 Bd7 49. Rg5 1-0

[Event "Madrid ch - Previa B"]
[Site "Madrid ESP"]
[Date "2008.11.08"]
[Round "3.6"]
[White "De Armentia Roldan, Benigno"]
[Black "Esquivias Gomez, Fco. Javier"]
[Result "0-1"]
[WhiteElo "1870"]
[BlackElo "2048"]
[PlyCount "76"]
[EventDate "2008.11.06"]
[EventType "swiss"]
[EventRounds "9"]
[EventCountry "ESP"]
[Source "lmi"]
[SourceDate "2008.11.06"]

1. d4 f5 2. g3 g6 3. Bg2 Nf6 4. c4 Bg7 5. Nc3 d6 6. d5 O-O 7. Nh3 c6 8. Nf4 e5
9. dxe6 Qe7 10. O-O Na6 11. Rb1 Bxe6 12. Nxe6 Qxe6 13. Re1 Qxc4 14. Qxd6 Rfd8
15. Qf4 Rd4 16. Qf3 Nb4 17. Bf1 Qf7 18. Be3 Rd7 19. a3 Nc2 20. Red1 Nxe3 21.
Qxe3 Ng4 22. Rxd7 Qxd7 23. Rd1 Qf7 24. Qd3 Ne5 25. Qd6 Nc4 26. Qb4 a5 27. Qb3
b5 28. Bg2 Rc8 29. Nxb5 a4 30. Qb4 Bf8 31. Qc3 Bg7 32. Qc2 Nxb2 33. Rc1 Qb3 34.
Qxb3+ axb3 35. Bd5+ Kf8 36. Bxb3 Rb8 37. Nc7 Rxb3 38. Rxc6 Rc3 0-1

[Event "Madrid ch - Previa B"]
[Site "Madrid ESP"]
[Date "2008.11.08"]
[Round "3.7"]
[White "Nieto De La Cruz, Julio"]
[Black "Garcia Serrano, Jose Manuel"]
[Result "1-0"]
[WhiteElo "2015"]
[BlackElo "1871"]
[PlyCount "65"]
[EventDate "2008.11.06"]
[EventType "swiss"]
[EventRounds "9"]
[EventCountry "ESP"]
[Source "lmi"]
[SourceDate "2008.11.06"]

1. d4 d5 2. c4 e6 3. Nc3 Nf6 4. cxd5 exd5 5. Bg5 Nbd7 6. e3 Be7 7. Bd3 O-O 8.
Nge2 b6 9. O-O Bb7 10. f3 Nh5 11. Bxe7 Qxe7 12. e4 Nhf6 13. e5 Ne8 14. Qc2 c5
15. f4 cxd4 16. Nxd4 Qc5 17. Bxh7+ Kh8 18. Rad1 g6 19. Bxg6 fxg6 20. Qxg6 Ng7
21. Rf3 Rae8 22. Na4 Qb4 23. Rh3+ Kg8 24. Qh7+ Kf7 25. Rg3 Rg8 26. e6+ Rxe6 27.
Nxe6 Qxa4 28. Re1 Qb4 29. Rxg7+ Rxg7 30. Qxg7+ Ke8 31. Qc3 Qxc3 32. bxc3 Nf6
33. Nc5+ 1-0

[Event "Madrid ch - Previa B"]
[Site "Madrid ESP"]
[Date "2008.11.08"]
[Round "3.8"]
[White "Marcos Herrero, Francisco"]
[Black "Castejon Caballero, Andres"]
[Result "0-1"]
[WhiteElo "1854"]
[BlackElo "2003"]
[PlyCount "86"]
[EventDate "2008.11.06"]
[EventType "swiss"]
[EventRounds "9"]
[EventCountry "ESP"]
[Source "lmi"]
[SourceDate "2008.11.06"]

1. e4 c5 2. Nc3 Nc6 3. g3 e6 4. Bg2 g6 5. f4 Bg7 6. Nf3 Nge7 7. d3 d5 8. O-O
O-O 9. e5 a6 10. a4 Rb8 11. g4 f5 12. h3 b5 13. axb5 axb5 14. d4 c4 15. Ne2 Qb6
16. Qe1 Bd7 17. Qf2 Ra8 18. Be3 Qb7 19. Ng3 Rxa1 20. Rxa1 Ra8 21. Rd1 Ra2 22.
Bc1 Na5 23. gxf5 Nxf5 24. Nxf5 exf5 25. Qh4 h6 26. Qe7 Bc6 27. Qd8+ Kh7 28. e6
c3 29. bxc3 Nc4 30. Ne5 Nxe5 31. dxe5 d4 32. Rxd4 Rxc2 33. Bxc6 Qxc6 34. Qd5
Rxc1+ 35. Kf2 Rc2+ 36. Kf1 Qxc3 37. Rd3 Rc1+ 38. Kg2 Qe1 39. Rd2 Qh1+ 40. Kf2
Qf1+ 41. Ke3 Re1+ 42. Kd4 Qxf4+ 43. Kc5 Rxe5 0-1

[Event "Madrid ch - Previa B"]
[Site "Madrid ESP"]
[Date "2008.11.08"]
[Round "3.9"]
[White "Mosteiro Montoro, Alvaro"]
[Black "Sotnikov, Taras"]
[Result "0-1"]
[WhiteElo "1832"]
[BlackElo "1920"]
[PlyCount "68"]
[EventDate "2008.11.06"]
[EventType "swiss"]
[EventRounds "9"]
[EventCountry "ESP"]
[Source "lmi"]
[SourceDate "2008.11.06"]

1. d4 g6 2. c4 f5 3. Nf3 Nf6 4. Nc3 Bg7 5. Bg5 d6 6. Bxf6 Bxf6 7. e4 Nc6 8. e5
dxe5 9. d5 Nd4 10. Nxd4 exd4 11. Nb5 c5 12. Qa4 Bd7 13. Qa3 a6 14. Nc3 dxc3 15.
bxc3 O-O 16. Be2 b5 17. Rd1 Qc7 18. O-O Be5 19. g3 f4 20. Bf3 Bh3 21. Rfe1 fxg3
22. d6 Bxd6 23. Bd5+ Kh8 24. f3 gxh2+ 25. Kh1 Rad8 26. cxb5 Bg3 27. c4 Bxe1 28.
Rxe1 Qg3 29. Qb2+ e5 30. Qxe5+ Qxe5 31. Rxe5 axb5 32. Kxh2 Bd7 33. cxb5 Bxb5
34. Kg3 Rf5 0-1

[Event "Madrid ch - Previa B"]
[Site "Madrid ESP"]
[Date "2008.11.08"]
[Round "3.10"]
[White "Benito Aragoneses, Miguel Angel"]
[Black "Garcia Ruiz, Ricardo"]
[Result "1-0"]
[WhiteElo "1790"]
[BlackElo "1920"]
[PlyCount "65"]
[EventDate "2008.11.06"]
[EventType "swiss"]
[EventRounds "9"]
[EventCountry "ESP"]
[Source "lmi"]
[SourceDate "2008.11.06"]

1. d4 Nf6 2. c4 g6 3. Nc3 d5 4. Nf3 Bg7 5. Bf4 c6 6. e3 O-O 7. Bd3 Bg4 8. h3
Bxf3 9. Qxf3 dxc4 10. Bxc4 Qb6 11. Qe2 Nfd7 12. O-O e5 13. dxe5 Nxe5 14. Bb3
Na6 15. Na4 Qa5 16. Rac1 Rac8 17. Rfd1 Rfd8 18. h4 h5 19. Nc3 Nc5 20. Bc2 Qb4
21. Bb1 Ne6 22. Bg3 Ng4 23. a3 Qe7 24. Ba2 Rxd1+ 25. Rxd1 Nc5 26. Qc2 Be5 27.
Qxg6+ Bg7 28. Qxh5 Nf6 29. Qf5 Ne6 30. Ne4 Nxe4 31. Qxe4 Bxb2 32. Qg4+ Kf8 33.
Bd6 1-0

[Event "Madrid ch - Previa B"]
[Site "Madrid ESP"]
[Date "2008.11.08"]
[Round "3.11"]
[White "Morona Minguez, Irene"]
[Black "Escoredo Garcia, Jesus"]
[Result "0-1"]
[WhiteElo "1743"]
[BlackElo "1906"]
[PlyCount "82"]
[EventDate "2008.11.06"]
[EventType "swiss"]
[EventRounds "9"]
[EventCountry "ESP"]
[Source "lmi"]
[SourceDate "2008.11.06"]

1. e4 c5 2. Nc3 e6 3. g3 a6 4. Bg2 Nc6 5. d3 Qc7 6. Be3 Be7 7. Nge2 Nf6 8. O-O
O-O 9. h3 b5 10. Qd2 Bb7 11. f4 d6 12. g4 Rad8 13. Ng3 d5 14. exd5 exd5 15.
Nce2 d4 16. Bf2 Rfe8 17. Ne4 Nxe4 18. dxe4 Na5 19. Rab1 Nc4 20. Qd3 Bf8 21. a4
Qc6 22. Ng3 Bd6 23. Nh5 Bc7 24. Bh4 Rd6 25. Rf2 Ne3 26. Bf3 Qb6 27. e5 Rde6 28.
axb5 axb5 29. Bg3 Bxf3 30. Rxf3 c4 31. Qe2 Qb7 32. Kh2 Bb6 33. f5 Rxe5 34. Bxe5
Rxe5 35. Qf2 Nxc2 36. f6 d3 37. Qh4 Qxf3 38. Ng3 Qf2+ 39. Kh1 Re1+ 40. Rxe1
Qxe1+ 41. Kg2 Qf2+ 0-1

[Event "Madrid ch - Previa B"]
[Site "Madrid ESP"]
[Date "2008.11.08"]
[Round "3.12"]
[White "Rojas Pozo, Jose Luis"]
[Black "De Los Rios Camacho, Juan A"]
[Result "1-0"]
[WhiteElo "1897"]
[BlackElo "1792"]
[PlyCount "97"]
[EventDate "2008.11.06"]
[EventType "swiss"]
[EventRounds "9"]
[EventCountry "ESP"]
[Source "lmi"]
[SourceDate "2008.11.06"]

1. e4 c5 2. Nf3 d6 3. d4 cxd4 4. Nxd4 Nf6 5. Nc3 a6 6. Bc4 e6 7. Bb3 Be7 8. f4
Nc6 9. Be3 Na5 10. Qf3 Nxb3 11. axb3 e5 12. fxe5 dxe5 13. Nf5 Bxf5 14. Qxf5 O-O
15. Bg5 Qb6 16. O-O-O Rad8 17. Kb1 Qe6 18. Qf3 h6 19. Bxf6 Rxd1+ 20. Rxd1 Bxf6
21. Rd5 Bg5 22. h3 f5 23. Qd3 fxe4 24. Nxe4 Be7 25. Rd7 Rf7 26. Rxb7 Qc6 27.
Rb8+ Rf8 28. Rxf8+ Kxf8 29. Qf1+ Ke8 30. Qf5 Qd5 31. Nc3 Qd4 32. Qc8+ Kf7 33.
Qc4+ Kf8 34. Qxd4 exd4 35. Nd5 Bd6 36. Kc1 Kf7 37. Kd1 Ke6 38. Nb6 Bc5 39. Nc4
Kf5 40. Ke2 Kf4 41. Nd2 g5 42. Nf1 h5 43. g3+ Ke4 44. Nd2+ Kf5 45. Kf3 g4+ 46.
hxg4+ hxg4+ 47. Ke2 Bb6 48. Kd3 Ke5 49. Nc4+ 1-0

[Event "Madrid ch - Previa B"]
[Site "Madrid ESP"]
[Date "2008.11.08"]
[Round "3.13"]
[White "Benito Mellado, Humberto"]
[Black "Lopez Rodriguez, Eduardo"]
[Result "0-1"]
[WhiteElo "1653"]
[BlackElo "1897"]
[PlyCount "74"]
[EventDate "2008.11.06"]
[EventType "swiss"]
[EventRounds "9"]
[EventCountry "ESP"]
[Source "lmi"]
[SourceDate "2008.11.06"]

1. d4 Nf6 2. c4 c5 3. e3 cxd4 4. exd4 d5 5. c5 Nc6 6. Nf3 Bg4 7. Be2 g6 8. h3
Bxf3 9. Bxf3 Bg7 10. O-O Qc7 11. Nc3 a6 12. Be3 e6 13. Na4 Nd7 14. Qd2 O-O 15.
b4 e5 16. dxe5 Ndxe5 17. Be2 Nc4 18. Bxc4 Bxa1 19. Rxa1 dxc4 20. Bh6 Rfe8 21.
f4 Qd8 22. Qc3 Qd4+ 23. Qxd4 Nxd4 24. Nb6 Rad8 25. Bg5 Nc2 26. Bxd8 Nxa1 27.
Bf6 Nc2 28. Bc3 Re4 29. Nd5 Kf8 30. Kf2 h5 31. Kf3 f5 32. g3 Kf7 33. Be5 Ne1+
34. Kf2 Nd3+ 35. Kf3 Nxe5+ 36. fxe5 Rxe5 37. a4 Rxd5 0-1

[Event "Madrid ch - Previa B"]
[Site "Madrid ESP"]
[Date "2008.11.08"]
[Round "3.14"]
[White "Merino Araguas, Jose Javier"]
[Black "Franco Rincon, David"]
[Result "1-0"]
[WhiteElo "1879"]
[BlackElo "1752"]
[PlyCount "51"]
[EventDate "2008.11.06"]
[EventType "swiss"]
[EventRounds "9"]
[EventCountry "ESP"]
[Source "lmi"]
[SourceDate "2008.11.06"]

1. d4 d5 2. c4 e6 3. Nc3 Nf6 4. cxd5 exd5 5. Nf3 Be7 6. Bf4 O-O 7. Qc2 c6 8. e3
Nbd7 9. Bd3 Re8 10. O-O h6 11. h3 Bb4 12. a3 Bxc3 13. bxc3 Ne4 14. c4 Ndf6 15.
cxd5 cxd5 16. Qc7 Qxc7 17. Bxc7 Bd7 18. Rfc1 Rac8 19. Rab1 Bc6 20. Bh2 Nd7 21.
g4 Re6 22. Rb2 Rg6 23. Bxe4 dxe4 24. Nh4 Rf6 25. d5 Ne5 26. Bxe5 1-0

[Event "Madrid ch - Previa B"]
[Site "Madrid ESP"]
[Date "2008.11.08"]
[Round "3.15"]
[White "Vazquez Moreno, Luis"]
[Black "Leniz Martinez, Francisco"]
[Result "0-1"]
[WhiteElo "1743"]
[BlackElo "1874"]
[PlyCount "132"]
[EventDate "2008.11.06"]
[EventType "swiss"]
[EventRounds "9"]
[EventCountry "ESP"]
[Source "lmi"]
[SourceDate "2008.11.06"]

1. e4 c5 2. Nf3 e6 3. d3 d5 4. Nbd2 Nc6 5. g3 Nf6 6. Bg2 dxe4 7. dxe4 e5 8. O-O
Qc7 9. Re1 Bg4 10. c3 Rd8 11. a4 a5 12. Qc2 h6 13. Nc4 Be6 14. Na3 Be7 15. Nb5
Qb8 16. Nh4 g6 17. f4 Nd7 18. f5 gxf5 19. exf5 Bc4 20. Nf3 f6 21. Qe4 Bf7 22.
Nh4 Nf8 23. Ng6 Rh7 24. Nxe7 Kxe7 25. Be3 Nd7 26. Rad1 Kf8 27. Qh4 Kg7 28. Nd6
Bb3 29. Qg4+ Kh8 30. Rd2 Rf8 31. Ne4 Rff7 32. Bxc5 Nxc5 33. Nxc5 Qa7 34. Ree2
Qxc5+ 35. Rf2 Rd7 36. Kh1 Qf8 37. Rxd7 Rxd7 38. Qe2 Bd5 39. Qb5 Bxg2+ 40. Kxg2
Qd6 41. Kh3 Nd8 42. Qxa5 b6 43. Qa8 Kh7 44. Qf3 Nf7 45. Qh5 Ng5+ 46. Kg2 Qc6+
47. Kg1 Rg7 48. Re2 Qc5+ 49. Kf1 Qd5 50. Kf2 Ne4+ 51. Ke3 Nc5 52. Qh4 Qd3+ 53.
Kf2 Qxf5+ 54. Kg2 Rg4 55. Qh3 Kg6 56. Kg1 Rxa4 57. Qxf5+ Kxf5 58. Rf2+ Ke6 59.
h3 Ra2 60. Re2 Na4 61. Kf2 Rxb2 62. Rxb2 Nxb2 63. Ke3 Kd5 64. g4 Nc4+ 65. Kd3
e4+ 66. Kc2 Ke5 0-1